000 01166cam a2200337 i 4500
001 47625
003 Mx-PuUPA
005 20250428164000.0
008 140415s2016 mx gr 001 0 spa d
020 _a9786077876311
040 _cMx-PuUPA
_aMx-PuUPA
_bspa
_dMx-PuUPA
_erda
041 0 _aspa
043 _an-mx---
100 1 _aDelgado, Alvaro,
_d1966-
_913630
_eautor
245 1 0 _aEl amasiato :
_bel pacto secreto Peña-Calderón y otras traiciones panistas /
_cÁlvaro Delgado
250 _aPrimera edición /
_bmayo
264 1 _aMéxico, D. F. :
_bEdiciones Proceso,
_c2016
300 _a191 páginas ;
_c23 cm
336 _2rdacontent
_atexto
_btxt
337 _2rdamedia
_asin medio
_bn
338 _2rdacarrier
_avolumen
_bnc
600 1 4 _aCalderón Hinojosa, Felipe, 1962
_912685
600 1 4 _aPeña Nieto, Enrique, 1966
650 7 _2armarc
_aPartido Acción Nacional (México)
651 4 _aMéxico
_xPolítica y gobierno 2000
942 _2ddc
_cLI
_h320.9720842
_iD33
999 _c47625
_d47625